| 000 | 01333cam a22003011i 4500 | ||
|---|---|---|---|
| 003 | SA-RiAUC | ||
| 005 | 20250512060926.0 | ||
| 008 | 250511s1987 jo a f 00010 ara c | ||
| 040 |
_aSA-AhKFU _bara _cSA-RiAUC _erda |
||
| 082 | 0 | 4 |
_a370.72 _qSA-RiAUC |
| 090 |
_a370.72 _bع و د |
||
| 100 | 1 |
_aعودة، أحمد سليمان، _d1948- _eمؤلف. |
|
| 245 | 1 | 0 |
_aأساسيات البحث العلمي في التربية والعلوم الإنسانية : _bعناصره ومناهجه والتحليل الإحصائي لبياناته / _cأحمد سليمان عودة، فتحي حسن ملكاوي. |
| 250 | _aالطبعة الأولى. | ||
| 264 | 1 |
_aعمان، الأردن ؛ _aالزرقاء، الأردن : _bمكتبة المنار، _c1987 |
|
| 300 |
_a374 صفحة : _bإيضاحيات ؛ _c24 سم |
||
| 336 |
_aنص _btxt _2rdacontent _3كتاب |
||
| 337 |
_aبدون وسيط _bn _2rdamedia |
||
| 338 |
_aمجلد _bnc _2rdacarrier |
||
| 520 | 0 | _aالتفكير العلمي والبحث التربوي. | |
| 590 | _aمحمد. | ||
| 650 | 7 |
_aالتعليم _xمناهج بحث _2aucsh |
|
| 650 | 7 |
_aالإنسانيات _xمناهج بحث _2aucsh |
|
| 700 | 1 |
_aملكاوي، فتحي حسن _eمؤلف. |
|
| 942 |
_2ddc _cBOOK _n0 |
||
| 949 |
_aSA-JeALM _d250511 _uosman123 _n1 |
||
| 999 |
_c7837 _d7837 |
||